Т. 2; Дифференциальное и интегральное исчисления

Λεπτομέρειες βιβλιογραφικής εγγραφής
Parent link:Дифференциальное и интегральное исчисления: Учебное пособие для втузов/ Н. С. Пискунов. Т. 2.— 11-е изд., стер..— , 1976-
Γλώσσα:Ρωσικά
Έκδοση: 1976
Θέματα:
Μορφή: Βιβλίο
KOHA link:https://koha.lib.tpu.ru/cgi-bin/koha/opac-detail.pl?biblionumber=52798

MARC

LEADER 00000nam2a2200000 4500
001 52798
005 20231031043128.0
035 |a (RuTPU)RU\TPU\book\55345 
035 |a RU\TPU\book\55334 
090 |a 52798 
100 |a 20030606d1976 m y0rusy50 ca 
101 0 |a rus 
102 |a RU 
105 |a a j 000zy 
200 0 |a Т. 2 
210 |d 1976 
215 |a 576 с.  |c ил. 
461 1 |0 (RuTPU)RU\TPU\book\55343  |t Дифференциальное и интегральное исчисления  |o Учебное пособие для втузов  |f Н. С. Пискунов  |v Т. 2  |e 11-е изд., стер.  |d 1976- 
610 1 |a математика 
610 1 |a дифференциальные исчисления 
610 1 |a интегральные исчисления 
610 1 |a учебные пособия 
610 1 |a дифференциальные уравнения 
610 1 |a кратные интегралы 
610 1 |a криволинейные интегралы 
610 1 |a интегралы по поверхности 
610 1 |a ряды 
610 1 |a ряды Фурье 
610 1 |a математическая физика 
610 1 |a уравнения 
610 1 |a операционное исчисление 
610 1 |a теория вероятностей 
610 1 |a матрицы 
675 |a 517.2(075.8)  |v 3 
675 |a 517.3(075.8)  |v 3 
801 1 |a RU  |b 63413507  |c 20030604  |g PSBO 
801 2 |a RU  |b 63413507  |c 20200608  |g PSBO 
942 |c BK